<?xml version="1.0" encoding="UTF-8"?>
<collection xmlns="http://www.loc.gov/MARC21/slim">
 <record>
  <leader>01681nam a2200229Ia 4500</leader>
  <controlfield tag="001">CTU_211101</controlfield>
  <controlfield tag="008">210402s9999    xx            000 0 und d</controlfield>
  <datafield tag="020" ind1=" " ind2=" ">
   <subfield code="c">1900</subfield>
  </datafield>
  <datafield tag="082" ind1=" " ind2=" ">
   <subfield code="a">336.3435</subfield>
  </datafield>
  <datafield tag="082" ind1=" " ind2=" ">
   <subfield code="b">W927</subfield>
  </datafield>
  <datafield tag="110" ind1=" " ind2=" ">
   <subfield code="a">The World Bank</subfield>
  </datafield>
  <datafield tag="245" ind1=" " ind2="0">
   <subfield code="a">Global development finance :</subfield>
  </datafield>
  <datafield tag="245" ind1=" " ind2="0">
   <subfield code="b">Charting a global recovery</subfield>
  </datafield>
  <datafield tag="245" ind1=" " ind2="4">
   <subfield code="c">The World Bank</subfield>
  </datafield>
  <datafield tag="260" ind1=" " ind2=" ">
   <subfield code="a">Washington, D.C.</subfield>
  </datafield>
  <datafield tag="260" ind1=" " ind2=" ">
   <subfield code="b">The World Bank</subfield>
  </datafield>
  <datafield tag="260" ind1=" " ind2=" ">
   <subfield code="c">2009</subfield>
  </datafield>
  <datafield tag="520" ind1=" " ind2=" ">
   <subfield code="a">This report is comprised of two volumes. Global Development Finance (GDF) 2009 volume one provides analysis of key trends and prospects, including coverage of the role of international banking in developing countries. Volume two provides summary and country tables and contains statistical tables on the external debt of the 128 countries that report public and publicly guaranteed debt under the Debtor Reporting System (DRS). It also includes tables of selected debt and resource flow statistics for individual reporting countries as well as summary tables for regional and income groups. It is the culmination of a year-long process that requires extensive cooperation from people and organizations around the globe-national central banks, ministries of finance, major multilateral organizations, and many departments of the World Bank.</subfield>
  </datafield>
  <datafield tag="650" ind1=" " ind2=" ">
   <subfield code="a">Debts, External,International finance,Investments, Foreign,Các khoản nợ ngoài,Tài chính Quốc tế,Đầu tư nước ngoài</subfield>
  </datafield>
  <datafield tag="650" ind1=" " ind2=" ">
   <subfield code="x">Developing countries,Statistics,Developing countries,Các nước đang phát triển,Các nước đang phát triển</subfield>
  </datafield>
  <datafield tag="904" ind1=" " ind2=" ">
   <subfield code="i">Qhieu</subfield>
  </datafield>
  <datafield tag="980" ind1=" " ind2=" ">
   <subfield code="a">Trung tâm Học liệu Trường Đại học Cần Thơ</subfield>
  </datafield>
 </record>
</collection>
